000 00511nam a2200181Ia 4500
001 3790
005 20260306145709.0
008 260306t2002||||xx |||||||||||||| ||spa||
041 _aESP
082 _a303.44
_bO36
100 _aInternational Labour Office. Regional Office for Latin America and the Caribbean
_eAUT
245 0 _aPromoting growth with decent work:
_bmore and better jobs
260 _c2002
300 _a27 páginas :
_c22 cm.
650 _aGEN
654 _aCHU
942 _cLIB
_dJUS
_fJUS
_2ddc
_n
999 _c3790
_d3790